000
00348nam a2200145 a 4500
003
MO
005
20170314160919.0
008
110805s19uu xx 00 eng d
050
_a
TR
_b
D13 1997
100
_a
Dahl, Felicity
245
_a
The Roald Dahl treasury.
260
_a
Nw York :
_b
Scholastic,
_c
1997.
942
_c
BK
_2
ddc
999
_c
115451
_d
115451